| 000 | 00624nam a2200205Ii 4500 | ||
|---|---|---|---|
| 003 | JO-AjNU | ||
| 008 | 230606s9999||||xx |||||||||||||| ||und|| | ||
| 020 | _a0-273-02942-8 | ||
| 040 |
_aJO-AjNU _beng _erda _cJO-AjNU |
||
| 041 | _aeng | ||
| 050 | 1 | 4 | _aHD31.B46.1988 |
| 100 | 3 |
_aO'Connor,Bill, _eauthor _93183 |
|
| 245 | 0 | 0 | _aACCA Study& Revision Pack :2.8 REGULATORY FRAMEWORK OF ACCOUNTING |
| 264 | 3 | 1 | _aLondon:Pitman Polytech,1988 |
| 300 | _a344p | ||
| 336 |
_atext _btxt _2rdacontent |
||
| 337 |
_aunmediated _bn _2rdamedia |
||
| 338 |
_avolume _bnc _2rdacarrier |
||
| 650 | 4 |
_aREGULATORY FRAMEWORK OF ACCOUNTING _93184 |
|
| 999 |
_aE1667 _c1667 _d1667 |
||